[Event "Berliner Einzelmeisterschaft 2002"]
[Site "Berlin"]
[Date "2022.04.15"]
[Round "1.1"]
[White "Krefenstein, Sergej"]
[Black "Stern, Rene"]
[Result "0-1"]
[WhiteElo "2158"]
[BlackElo "2509"]
[Annotator "TheRocket"]
[PlyCount "108"]
[EventDate "2022.??.??"]
[EventCountry "GER"]
[SourceTitle "SV Mattnetz Berlin e.V."]
[SourceDate "2022.04.23"]
[SourceVersion "1"]
[SourceVersionDate "2022.04.23"]
[SourceQuality "1"]

{[%evp 0,77,21,30,30,17,24,24,0,14,4,15,6,0,60,-12,-22,-44,-31,-56,-31,-51,-26,
-43,-24,-24,-8,-3,11,10,13,10,5,4,21,21,25,13,25,15,23,1,5,4,9,5,12,6,15,8,31,
-11,-10,-12,-12,0,0,0,0,-12,-12,-12,-12,-12,-12,-12,-12,-44,-20,-35,-12,-12,0,
-12,0,-12,-18,-47,-52,-109]} 1. e4 {[%emt 0:00:03]} e5 {[%emt 0:00:11]} 2. Nf3
{[%emt 0:00:05]} Nc6 {[%emt 0:00:13]} 3. Bc4 {[%emt 0:00:06]} Nf6 {[%emt 0:00:
07]} 4. d3 {[%emt 0:00:12]} Bc5 {[%emt 0:00:11]} 5. O-O {[%emt 0:00:57]} d6 {
[%emt 0:00:18]} 6. c3 {[%emt 0:01:26]} a5 {[%emt 0:00:27]} 7. Nbd2 {[%emt 0:01:
54]} O-O {[%emt 0:01:58]} 8. Re1 {[%emt 0:02:28]} Be6 {[%emt 0:33:15]} 9. Bb3 {
[%emt 0:04:50]} h6 {[%emt 0:12:10]} 10. Nf1 {[%emt 0:02:44]} Bxb3 {[%emt 0:00:
41]} 11. Qxb3 {[%emt 0:09:37]} Qd7 {[%emt 0:03:02]} 12. a4 {[%emt 0:11:07]}
Rfe8 {[%emt 0:02:48]} 13. Be3 {[%emt 0:04:25]} Bxe3 {[%emt 0:10:54]} 14. Nxe3 {
[%emt 0:00:20]} b6 {[%emt 0:01:31]} 15. Rad1 {[%emt 0:07:00]} Ne7 {[%emt 0:06:
06]} 16. g3 {[%emt 0:13:59]} Ng6 {[%emt 0:04:19]} 17. Kg2 {[%emt 0:03:40]} Rad8
{[%emt 0:04:20]} 18. h3 {[%emt 0:03:28]} Qc8 {[%emt 0:01:54]} 19. Qc4 {[%emt 0:
14:43]} Qb7 {[%emt 0:02:00]} 20. Nd5 {[%emt 0:01:47]} Nxd5 {[%emt 0:00:19]} 21.
Qxd5 {[%emt 0:00:23]} Qxd5 {[%emt 0:03:39]} 22. exd5 {[%emt 0:00:03]} Nf8 {
[%emt 0:01:13]} 23. d4 {[%emt 0:06:13]} f6 {[%emt 0:00:04]} 24. h4 {[%emt 0:01:
46]} h5 {[%emt 0:03:49]} 25. b3 {[%emt 0:00:59]} Ng6 {[%emt 0:01:00]} 26. c4 {
[%emt 0:03:09]} Ne7 {[%emt 0:00:15]} 27. dxe5 {[%emt 0:00:27]} dxe5 {[%emt 0:
00:05]} 28. Rd2 {[%emt 0:01:37]} Nf5 {[%emt 0:00:59]} 29. Re4 {[%emt 0:00:47]}
Kf7 {[%emt 0:03:01]} 30. Rde2 {[%emt 0:03:33]} Re7 {[%emt 0:02:51]} 31. Rd2 {
[%emt 0:00:23]} Red7 {[%emt 0:00:39]} 32. Ree2 {[%emt 0:00:39]} Rd6 {[%emt 0:
00:24]} 33. Kf1 {[%emt 0:00:35]} Re8 {[%emt 0:00:24]} 34. Re4 {[%emt 0:00:41]}
Re7 {[%emt 0:00:29]} 35. Kg2 {[%emt 0:00:15]} Ke8 {[%emt 0:00:32]} 36. Kf1 {
[%emt 0:00:41]} Kd7 {[%emt 0:00:07]} 37. Ke2 {[%emt 0:00:34]} c6 {[%emt 0:00:
25]} 38. dxc6+ {[%emt 0:00:33]} Kxc6 {[%emt 0:00:05]} 39. Rxd6+ {[%emt 0:00:43]
} Kxd6 {[%emt 0:01:50]} 40. Kd2 {[%emt 0:00:44]} Kc5 {[%emt 0:00:08]} 41. Kc3 {
[%emt 0:02:22]} Kc6 {[%emt 0:03:55]} 42. Re1 {[%emt 0:04:57]} Rd7 {[%emt 0:04:
24]} 43. Kc2 {[%emt 0:03:06]} Nd6 {[%emt 0:11:27]} 44. Re2 {[%emt 0:04:01]} Nb7
{[%emt 0:03:47]} 45. Nd2 {[%emt 0:04:16]} Nc5 {[%emt 0:00:24]} 46. Ne4 {
[%emt 0:00:17]} Nxe4 {[%emt 0:03:00]} 47. Rxe4 {[%emt 0:00:06]} Kc5 {[%emt 0:
00:23]} 48. Re3 {[%emt 0:06:01]} Rd4 {[%emt 0:01:16]} 49. Kc3 {[%emt 0:02:10]}
e4 {[%emt 0:01:08]} 50. Re2 {[%emt 0:02:42]} Rd3+ {[%emt 0:01:19]} 51. Kc2 {
[%emt 0:00:07]} f5 {[%emt 0:00:04]} 52. Rd2 {[%emt 0:04:08]} Kb4 {[%emt 0:00:
38]} 53. c5 {[%emt 0:01:47]} Rxd2+ {[%emt 0:01:18]} 54. Kxd2 {[%emt 0:00:11]}
bxc5 {[%emt 0:00:12]} 0-1

[Event "Berliner Einzelmeisterschaft 2002"]
[Site "Berlin"]
[Date "2022.04.15"]
[Round "1.2"]
[White "Glek, Igor"]
[Black "Ermitsch, Magnus"]
[Result "1-0"]
[WhiteElo "2479"]
[BlackElo "2150"]
[Annotator "TheRocket"]
[PlyCount "49"]
[EventDate "2022.??.??"]
[EventCountry "GER"]
[SourceTitle "SV Mattnetz Berlin e.V."]
[SourceDate "2022.04.23"]
[SourceVersion "1"]
[SourceVersionDate "2022.04.23"]
[SourceQuality "1"]

{[%evp 0,49,30,30,41,32,69,26,43,5,18,5,21,14,23,-2,-6,-8,-13,-8,-7,-3,6,-23,
16,-21,-29,7,20,5,32,18,164,197,211,191,198,170,175,175,162,162,158,158,160,
158,160,184,543,510,673,707]} 1. e4 {[%emt 0:00:04]} c5 {[%emt 0:00:19]} 2. Nf3
{[%emt 0:00:08]} e6 {[%emt 0:00:26]} 3. d3 {[%emt 0:02:01]} Nc6 {[%emt 0:01:32]
} 4. g3 {[%emt 0:00:18]} Nf6 {[%emt 0:00:30]} 5. Bg2 {[%emt 0:00:09]} Be7 {
[%emt 0:06:37]} 6. O-O {[%emt 0:00:14]} O-O {[%emt 0:00:31]} 7. Re1 {[%emt 0:
00:27]} d5 {[%emt 0:01:27]} 8. e5 {[%emt 0:00:58]} Nd7 {[%emt 0:00:58]} 9. h4 {
[%emt 0:01:02]} Qc7 {[%emt 0:03:41]} 10. Bf4 {[%emt 0:00:30]} b5 {[%emt 0:14:
43]} 11. Nbd2 {[%emt 0:00:47]} c4 {[%emt 0:10:24]} 12. Nf1 {[%emt 0:01:39]}
cxd3 {[%emt 0:01:50]} 13. cxd3 {[%emt 0:00:07]} Ba6 {[%emt 0:01:01]} 14. d4 {
[%emt 0:05:53]} Rfc8 {[%emt 0:03:45]} 15. Ne3 {[%emt 0:03:10]} Na5 {[%emt 0:04:
17]} 16. Nxd5 {[%emt 0:33:51]} exd5 {[%emt 0:00:57]} 17. e6 {[%emt 0:00:02]}
Bd6 {[%emt 0:11:16]} 18. exd7 {[%emt 0:00:36]} Qxd7 {[%emt 0:01:40]} 19. Ne5 {
[%emt 0:00:11]} Bxe5 {[%emt 0:00:44]} 20. Rxe5 {[%emt 0:00:30]} Bb7 {[%emt 0:
01:47]} 21. Qe1 {[%emt 0:00:52]} Qd8 {[%emt 0:06:01]} 22. Re7 {[%emt 0:08:27]}
Ba6 {[%emt 0:04:42]} 23. Bh3 {[%emt 0:07:45]} Rc2 {[%emt 0:02:29]} 24. Rxf7 {
[%emt 0:07:46]} Bc8 {[%emt 0:02:29]} 25. Bg5 {[%emt 0:06:20]} 1-0

[Event "Berliner Einzelmeisterschaft 2002"]
[Site "Berlin"]
[Date "2022.04.15"]
[Round "1.3"]
[White "Acikel, Mert"]
[Black "Mirzoev, Emil"]
[Result "0-1"]
[WhiteElo "2149"]
[BlackElo "2467"]
[Annotator "TheRocket"]
[PlyCount "76"]
[EventDate "2022.??.??"]
[EventCountry "GER"]
[SourceTitle "SV Mattnetz Berlin e.V."]
[SourceDate "2022.04.23"]
[SourceVersion "1"]
[SourceVersionDate "2022.04.23"]
[SourceQuality "1"]

{[%evp 0,58,30,24,32,60,86,61,61,11,20,-10,-17,-3,23,24,24,19,42,32,14,-5,13,
-3,16,-67,1,-3,18,3,3,5,18,-9,2,-45,-1,-169,-157,-155,-153,-149,-159,-160,-160,
-273,-279,-279,-284,-332,-322,-322,-276,-251,-261,-260,-248,-370,-312,-402,
-280]} 1. e4 {[%emt 0:00:03]} c5 {[%emt 0:03:58]} 2. Nf3 {[%emt 0:01:10]} d6 {
[%emt 0:00:29]} 3. Bb5+ {[%emt 0:00:20]} Bd7 {[%emt 0:00:59]} 4. c4 {[%emt 0:
00:16]} Nc6 {[%emt 0:00:49]} 5. d4 {[%emt 0:01:50]} cxd4 {[%emt 0:01:16]} 6.
Nxd4 {[%emt 0:00:07]} g6 {[%emt 0:00:49]} 7. Nc3 {[%emt 0:02:55]} Bg7 {[%emt 0:
00:07]} 8. Bxc6 {[%emt 0:00:46]} Bxc6 {[%emt 0:03:06]} 9. O-O {[%emt 0:01:39]}
Nf6 {[%emt 0:00:21]} 10. Qd3 {[%emt 0:03:23]} Nd7 {[%emt 0:01:59]} 11. Rd1 {
[%emt 0:04:41]} O-O {[%emt 0:03:34]} 12. b3 {[%emt 0:02:14]} a6 {[%emt 0:15:09]
} 13. Bb2 {[%emt 0:02:36]} Rc8 {[%emt 0:22:59]} 14. Rac1 {[%emt 0:03:46]} Qa5 {
[%emt 0:00:41]} 15. Qe3 {[%emt 0:19:45]} Rfe8 {[%emt 0:04:08]} 16. a3 {[%emt 0:
10:45]} Qh5 {[%emt 0:00:33]} 17. Rc2 {[%emt 0:05:30]} Nc5 {[%emt 0:04:46]} 18.
b4 {[%emt 0:05:41]} Ba4 {[%emt 0:22:06]} 19. bxc5 {[%emt 0:06:28]} Bxc2 {
[%emt 0:00:43]} 20. Nxc2 {[%emt 0:00:44]} Bxc3 {[%emt 0:04:04]} 21. Rd5 {
[%emt 0:01:14]} Be5 {[%emt 0:00:05]} 22. h3 {[%emt 0:15:52]} e6 {[%emt 0:01:03]
} 23. g4 {[%emt 0:00:21]} Qh4 {[%emt 0:00:04]} 24. Rxe5 {[%emt 0:01:28]} dxe5 {
[%emt 0:00:14]} 25. Bxe5 {[%emt 0:00:06]} f6 {[%emt 0:00:40]} 26. Bd6 {[%emt 0:
00:07]} Qg5 {[%emt 0:01:35]} 27. f4 {[%emt 0:00:13]} Qh6 {[%emt 0:00:03]} 28.
Qb3 {[%emt 0:00:59]} e5 {[%emt 0:01:28]} 29. Nb4 {[%emt 0:03:52]} exf4 {
[%emt 0:00:49]} 30. Nd5 {[%emt 0:00:18]} Qg7 {[%emt 0:00:06]} 31. Qc3 {[%emt 0:
05:32]} Re6 {[%emt 0:00:11]} 32. Qd4 {[%emt 0:00:15]} Rce8 {[%emt 0:01:23]} 33.
Nc3 {[%emt 0:01:31]} g5 {[%emt 0:01:58]} 34. Qd5 {[%emt 0:00:29]} Kh8 {[%emt 0:
00:23]} 35. Kg2 {[%emt 0:00:27]} h5 {[%emt 0:00:51]} 36. Qf5 {[%emt 0:00:40]}
Qh7 {[%emt 0:00:45]} 37. Qxh7+ {[%emt 0:00:27]} Kxh7 {[%emt 0:00:05]} 38. Nd5 {
[%emt 0:00:16]} hxg4 {[%emt 0:00:07]} 0-1

[Event "Berliner Einzelmeisterschaft 2002"]
[Site "Berlin"]
[Date "2022.04.15"]
[Round "1.4"]
[White "Lagunow, Raphael"]
[Black "Piz, Maxim"]
[Result "1-0"]
[WhiteElo "2389"]
[BlackElo "2143"]
[Annotator "TheRocket"]
[PlyCount "93"]
[EventDate "2022.??.??"]
[EventCountry "GER"]
[SourceTitle "SV Mattnetz Berlin e.V."]
[SourceDate "2022.04.23"]
[SourceVersion "1"]
[SourceVersionDate "2022.04.23"]
[SourceQuality "1"]

{[%evp 0,53,24,24,32,40,40,30,42,51,42,40,89,56,58,71,93,69,76,82,93,90,118,99,
105,62,52,45,33,33,35,24,50,63,60,57,98,105,118,68,73,73,63,69,174,104,190,153,
152,162,190,192,238,104,188,196]} 1. e4 {[%emt 0:00:06]} d5 {[%emt 0:00:25]} 2.
exd5 {[%emt 0:00:21]} Nf6 {[%emt 0:00:25]} 3. d4 {[%emt 0:00:08]} Nxd5 {
[%emt 0:00:09]} 4. c4 {[%emt 0:00:07]} Nf6 {[%emt 0:00:23]} 5. Nc3 {[%emt 0:02:
16]} g6 {[%emt 0:00:45]} 6. h3 {[%emt 0:06:36]} Bg7 {[%emt 0:00:25]} 7. Nf3 {
[%emt 0:00:07]} c5 {[%emt 0:01:32]} 8. d5 {[%emt 0:02:34]} O-O {[%emt 0:00:39]}
9. Be2 {[%emt 0:05:33]} a6 {[%emt 0:02:58]} 10. O-O {[%emt 0:01:57]} e6 {
[%emt 0:04:05]} 11. Be3 {[%emt 0:09:00]} b6 {[%emt 0:03:07]} 12. Qb3 {[%emt 0:
07:13]} exd5 {[%emt 0:00:47]} 13. cxd5 {[%emt 0:00:09]} Nbd7 {[%emt 0:03:41]}
14. a4 {[%emt 0:00:39]} Bb7 {[%emt 0:02:25]} 15. Rfd1 {[%emt 0:10:24]} Rc8 {
[%emt 0:12:05]} 16. Bc4 {[%emt 0:19:19]} h6 {[%emt 0:03:02]} 17. Bf4 {[%emt 0:
02:07]} Kh7 {[%emt 0:09:12]} 18. Bh2 {[%emt 0:02:06]} Ne8 {[%emt 0:02:58]} 19.
d6 {[%emt 0:07:12]} Bxf3 {[%emt 0:01:11]} 20. gxf3 {[%emt 0:00:06]} Qg5+ {
[%emt 0:08:48]} 21. Bg3 {[%emt 0:05:10]} f5 {[%emt 0:01:37]} 22. Bxa6 {[%emt 0:
10:13]} Rb8 {[%emt 0:02:54]} 23. f4 {[%emt 0:02:51]} Qh5 {[%emt 0:02:37]} 24.
Kg2 {[%emt 0:04:18]} g5 {[%emt 0:00:41]} 25. Qe6 {[%emt 0:00:33]} gxf4 {
[%emt 0:02:04]} 26. Bxf4 {[%emt 0:00:32]} Nef6 {[%emt 0:00:21]} 27. Bd3 {
[%emt 0:00:55]} Qg6+ {[%emt 0:01:29]} 28. Bg3 {[%emt 0:00:06]} Nh5 {[%emt 0:01:
34]} 29. Qxd7 {[%emt 0:01:29]} Nf4+ {[%emt 0:00:03]} 30. Kh1 {[%emt 0:00:09]}
Nxd3 {[%emt 0:00:05]} 31. Rxd3 {[%emt 0:00:06]} f4 {[%emt 0:00:06]} 32. Rad1 {
[%emt 0:00:31]} Rf7 {[%emt 0:02:47]} 33. Qg4 {[%emt 0:01:26]} Qxg4 {[%emt 0:00:
25]} 34. hxg4 {[%emt 0:00:03]} fxg3 {[%emt 0:00:08]} 35. fxg3 {[%emt 0:00:54]}
Rd7 {[%emt 0:00:58]} 36. b3 {[%emt 0:00:33]} Kg6 {[%emt 0:01:41]} 37. Kg2 {
[%emt 0:00:13]} Bxc3 {[%emt 0:02:53]} 38. Rxc3 {[%emt 0:00:02]} Rbd8 {[%emt 0:
00:15]} 39. Rcd3 {[%emt 0:00:18]} Kf6 {[%emt 0:00:06]} 40. Kf3 {[%emt 0:00:51]}
Rf8 {[%emt 0:00:25]} 41. Rd5 {[%emt 0:02:23]} Ke6+ {[%emt 0:00:55]} 42. Ke4 {
[%emt 0:03:32]} Rg8 {[%emt 0:00:46]} 43. Re5+ {[%emt 0:03:15]} Kf6 {[%emt 0:00:
36]} 44. Rf1+ {[%emt 0:01:08]} Kg7 {[%emt 0:00:43]} 45. Kd5 {[%emt 0:00:22]}
Kh8 {[%emt 0:01:02]} 46. Kc6 {[%emt 0:00:27]} Rdd8 {[%emt 0:00:10]} 47. d7 {
[%emt 0:00:38]} 1-0

[Event "Berliner Einzelmeisterschaft 2002"]
[Site "Berlin"]
[Date "2022.04.15"]
[Round "1.5"]
[White "Tscheuschner, Georg"]
[Black "Florstedt, Johannes"]
[Result "0-1"]
[WhiteElo "2112"]
[BlackElo "2316"]
[Annotator "TheRocket"]
[PlyCount "92"]
[EventDate "2022.??.??"]
[EventCountry "GER"]
[SourceTitle "SV Mattnetz Berlin e.V."]
[SourceDate "2022.04.23"]
[SourceVersion "1"]
[SourceVersionDate "2022.04.23"]
[SourceQuality "1"]

{[%evp 0,96,19,-12,-27,-33,5,7,61,35,64,46,60,36,81,56,48,48,51,37,28,35,30,37,
36,30,10,14,21,14,10,21,34,12,8,13,9,4,82,6,0,0,23,19,39,-78,-76,-86,-79,-96,
29997,368,29999,-85,-96,-94,-101,-98,-102,-151,-164,-181,-186,-195,-196,-198,
-172,-244,-188,-347,-348,-347,-320,-347,-323,-372,-374,-362,-373,-402,-419,
-441,-399,-392,-413,-420,-429,-434,-434,-443,-446,-626,-627,-895,-1116,-29997,
-29998,-29999,-30000]} 1. c4 {[%emt 0:00:01]} e5 {[%emt 0:00:35]} 2. Nc3 {
[%emt 0:00:05]} Bb4 {[%emt 0:00:08]} 3. Nd5 {[%emt 0:00:06]} a5 {[%emt 0:00:08]
} 4. Nf3 {[%emt 0:02:13]} d6 {[%emt 0:00:30]} 5. a3 {[%emt 0:00:27]} Bc5 {
[%emt 0:00:05]} 6. e3 {[%emt 0:00:57]} c6 {[%emt 0:00:19]} 7. Nc3 {[%emt 0:05:
07]} Qe7 {[%emt 0:04:19]} 8. d4 {[%emt 0:02:53]} exd4 {[%emt 0:02:01]} 9. Nxd4
{[%emt 0:00:05]} Nf6 {[%emt 0:00:10]} 10. Be2 {[%emt 0:02:40]} O-O {[%emt 0:00:
11]} 11. O-O {[%emt 0:05:23]} Rd8 {[%emt 0:00:57]} 12. Qc2 {[%emt 0:09:01]} Bg4
{[%emt 0:06:02]} 13. b3 {[%emt 0:13:33]} Re8 {[%emt 0:16:36]} 14. Rd1 {[%emt 0:
08:46]} Bxe2 {[%emt 0:10:10]} 15. Ncxe2 {[%emt 0:06:19]} Ne4 {[%emt 0:09:43]}
16. Ng3 {[%emt 0:03:12]} Nxg3 {[%emt 0:01:33]} 17. hxg3 {[%emt 0:00:05]} Nd7 {
[%emt 0:03:28]} 18. Nf5 {[%emt 0:07:01]} Qg5 {[%emt 0:05:03]} 19. Bb2 {[%emt 0:
01:27]} Nf6 {[%emt 0:02:24]} 20. Nxd6 {[%emt 0:03:25]} Rxe3 {[%emt 0:15:51]}
21. Bxf6 {[%emt 0:00:08]} Qxf6 {[%emt 0:00:13]} 22. Nxb7 {[%emt 0:12:01]} Rae8
{[%emt 0:00:40]} 23. Nxc5 {[%emt 0:11:45]} Re2 {[%emt 0:00:14]} 24. Qxe2 {
[%emt 0:00:25]} Rxe2 25. Nd3 Qd4 26. Rab1 g6 27. b4 axb4 28. axb4 Qxc4 29. Rbc1
Rc2 30. Rb1 Kg7 31. Nc5 h5 32. Rd3 Rxf2 33. Kxf2 Qc2+ 34. Rd2 Qxd2+ 35. Kg1
Qe3+ 36. Kh2 Qe5 37. Rb3 h4 38. Rf3 g5 39. Nd3 Qd6 40. Kh3 f5 41. g4 Qd4 42.
Nf2 f4 43. b5 cxb5 44. Nh1 Qg1 45. Ng3 hxg3 46. Rf1 Qh2# 0-1

[Event "Berliner Einzelmeisterschaft 2002"]
[Site "Berlin"]
[Date "2022.04.15"]
[Round "1.6"]
[White "Rietze, Clemens"]
[Black "Stark, Ingo"]
[Result "1-0"]
[WhiteElo "2290"]
[BlackElo "2106"]
[Annotator "TheRocket"]
[PlyCount "57"]
[EventDate "2022.??.??"]
[EventCountry "GER"]
[SourceTitle "SV Mattnetz Berlin e.V."]
[SourceDate "2022.04.23"]
[SourceVersion "1"]
[SourceVersionDate "2022.04.23"]
[SourceQuality "1"]

{[%evp 0,41,24,15,17,-16,-10,-10,45,33,28,63,72,59,62,29,17,35,100,49,36,44,49,
64,73,73,56,-63,17,24,27,8,-8,-174,70,70,104,-90,669,1088,1088,1093,800,29984]
} 1. d4 {[%emt 0:00:03]} Nf6 {[%emt 0:00:24]} 2. c4 {[%emt 0:00:06]} e6 {
[%emt 0:00:08]} 3. Nf3 {[%emt 0:00:09]} c5 {[%emt 0:00:17]} 4. d5 {[%emt 0:00:
24]} exd5 {[%emt 0:01:30]} 5. cxd5 {[%emt 0:00:07]} Bd6 {[%emt 0:02:38]} 6. Nc3
{[%emt 0:00:09]} O-O {[%emt 0:00:56]} 7. Bg5 {[%emt 0:00:22]} Re8 {[%emt 0:01:
40]} 8. e3 {[%emt 0:01:59]} a6 {[%emt 0:02:06]} 9. a4 {[%emt 0:00:17]} h6 {
[%emt 0:00:36]} 10. Bh4 {[%emt 0:00:24]} Bc7 {[%emt 0:08:35]} 11. d6 {[%emt 0:
15:08]} Ba5 {[%emt 0:00:18]} 12. Bc4 {[%emt 0:04:07]} g5 {[%emt 0:26:22]} 13.
Nxg5 {[%emt 0:40:06]} hxg5 {[%emt 0:00:10]} 14. Bxg5 {[%emt 0:00:02]} Nc6 {
[%emt 0:02:35]} 15. h4 {[%emt 0:01:25]} Ne5 {[%emt 0:05:39]} 16. Rh3 {[%emt 0:
00:58]} b5 {[%emt 0:35:27]} 17. Rg3 {[%emt 0:05:29]} Kh7 {[%emt 0:01:03]} 18.
Qc2+ {[%emt 0:09:34]} Kg7 {[%emt 0:04:24]} 19. Bxf6+ {[%emt 0:05:14]} Kxf6 {
[%emt 0:00:16]} 20. Rg5 {[%emt 0:00:02]} Nf3+ {[%emt 0:03:16]} 21. gxf3 {
[%emt 0:00:04]} Re5 {[%emt 0:00:13]} 22. Bxf7 {[%emt 0:07:35]} Rxg5 {[%emt 0:
00:35]} 23. hxg5+ {[%emt 0:00:02]} Kxf7 {[%emt 0:00:38]} 24. Qh7+ {[%emt 0:00:
06]} Kf8 {[%emt 0:01:04]} 25. Qf5+ {[%emt 0:03:24]} Kg7 {[%emt 0:00:36]} 26.
Qe5+ {[%emt 0:00:02]} Kf8 {[%emt 0:00:59]} 27. Ke2 {[%emt 0:00:57]} Qe8 {
[%emt 0:00:42]} 28. Qh8+ {[%emt 0:00:07]} Kf7 {[%emt 0:00:08]} 29. g6+ {
[%emt 0:00:01]} 1-0

[Event "Berliner Einzelmeisterschaft 2002"]
[Site "Berlin"]
[Date "2022.04.15"]
[Round "1.7"]
[White "Boettcher, Patrick"]
[Black "Nogly, Christoph"]
[Result "1/2-1/2"]
[WhiteElo "2104"]
[BlackElo "2228"]
[Annotator "TheRocket"]
[PlyCount "47"]
[EventDate "2022.??.??"]
[EventCountry "GER"]
[SourceTitle "SV Mattnetz Berlin e.V."]
[SourceDate "2022.04.23"]
[SourceVersion "1"]
[SourceVersionDate "2022.04.23"]
[SourceQuality "1"]

{[%evp 0,47,24,20,20,-10,-10,-10,-3,-40,8,6,27,-28,33,44,28,1,67,48,46,42,42,
42,31,27,27,21,14,18,22,16,23,13,8,-8,4,3,31,3,8,4,27,18,9,25,19,-17,27,-29]} 
1. d4 {[%emt 0:00:03]} d5 {[%emt 0:00:04]} 2. c4 {[%emt 0:00:05]} e6 {[%emt 0:
00:03]} 3. Nc3 {[%emt 0:00:44]} Nf6 {[%emt 0:00:11]} 4. Bg5 {[%emt 0:01:13]}
Nbd7 {[%emt 0:00:38]} 5. e3 {[%emt 0:01:33]} h6 {[%emt 0:00:06]} 6. Bh4 {
[%emt 0:00:18]} Be7 {[%emt 0:00:09]} 7. Nf3 {[%emt 0:01:42]} O-O {[%emt 0:00:
17]} 8. Rc1 {[%emt 0:04:20]} a6 {[%emt 0:01:15]} 9. cxd5 {[%emt 0:02:36]} exd5
{[%emt 0:00:06]} 10. Bd3 {[%emt 0:01:34]} c6 {[%emt 0:00:07]} 11. O-O {[%emt 0:
00:50]} Ne4 {[%emt 0:04:50]} 12. Bxe7 {[%emt 0:01:03]} Qxe7 {[%emt 0:00:03]}
13. Bxe4 {[%emt 0:07:40]} dxe4 {[%emt 0:00:06]} 14. Nd2 {[%emt 0:00:13]} Nf6 {
[%emt 0:07:44]} 15. Qc2 {[%emt 0:06:24]} Re8 {[%emt 0:05:06]} 16. Nc4 {[%emt 0:
01:03]} Bf5 {[%emt 0:04:22]} 17. Nb6 {[%emt 0:16:41]} Rad8 {[%emt 0:03:07]} 18.
Nca4 {[%emt 0:01:34]} h5 {[%emt 0:09:12]} 19. Nc5 {[%emt 0:05:47]} g6 {[%emt 0:
09:28]} 20. a4 {[%emt 0:03:50]} Kg7 {[%emt 0:05:09]} 21. Qb3 {[%emt 0:05:33]}
Qc7 {[%emt 0:20:29]} 22. h3 {[%emt 0:06:57]} Re7 {[%emt 0:03:53]} 23. Rc4 {
[%emt 0:06:52]} h4 {[%emt 0:07:49]} 24. a5 {[%emt 0:06:30]} 1/2-1/2

[Event "Berliner Einzelmeisterschaft 2002"]
[Site "Berlin"]
[Date "2022.04.15"]
[Round "1.8"]
[White "Brustkern, Juergen"]
[Black "Gebigke, Martin"]
[Result "1-0"]
[WhiteElo "2218"]
[BlackElo "2081"]
[Annotator "TheRocket"]
[PlyCount "53"]
[EventDate "2022.??.??"]
[EventCountry "GER"]
[SourceTitle "SV Mattnetz Berlin e.V."]
[SourceDate "2022.04.23"]
[SourceVersion "1"]
[SourceVersionDate "2022.04.23"]
[SourceQuality "1"]

{[%evp 0,53,24,-18,-32,-18,-22,-17,-20,-29,-19,-25,-18,-39,-26,-48,-48,-61,-58,
-42,-26,-11,-26,-26,-26,-26,-26,-70,-33,-49,-35,-14,8,5,20,-10,-27,-47,-47,-78,
-58,-72,4,20,12,35,-1,48,65,57,102,124,297,297,297,323]} 1. f4 {[%emt 0:00:11]}
d5 {[%emt 0:00:38]} 2. Nf3 {[%emt 0:00:06]} Nf6 {[%emt 0:00:53]} 3. e3 {
[%emt 0:00:06]} g6 {[%emt 0:01:29]} 4. Be2 {[%emt 0:00:09]} Bg7 {[%emt 0:00:24]
} 5. O-O {[%emt 0:00:09]} O-O {[%emt 0:01:05]} 6. d3 {[%emt 0:00:10]} c5 {
[%emt 0:01:24]} 7. a4 {[%emt 0:00:40]} Nc6 {[%emt 0:00:42]} 8. Kh1 {[%emt 0:00:
24]} Qc7 {[%emt 0:03:21]} 9. Nc3 {[%emt 0:00:19]} e5 {[%emt 0:07:43]} 10. Nb5 {
[%emt 0:06:24]} Qe7 {[%emt 0:02:55]} 11. fxe5 {[%emt 0:01:38]} Nxe5 {[%emt 0:
01:12]} 12. Nxe5 {[%emt 0:00:26]} Qxe5 {[%emt 0:00:04]} 13. e4 {[%emt 0:00:07]}
g5 {[%emt 0:09:05]} 14. c3 {[%emt 0:19:55]} h6 {[%emt 0:09:43]} 15. exd5 {
[%emt 0:08:17]} Nxd5 {[%emt 0:01:37]} 16. d4 {[%emt 0:00:10]} cxd4 {[%emt 0:01:
24]} 17. cxd4 {[%emt 0:00:09]} Qe7 {[%emt 0:02:14]} 18. Bc4 {[%emt 0:05:11]}
Be6 {[%emt 0:00:36]} 19. b3 {[%emt 0:05:54]} Qd7 {[%emt 0:05:12]} 20. Ba3 {
[%emt 0:04:23]} Rfd8 {[%emt 0:10:44]} 21. Qf3 {[%emt 0:03:54]} Bf8 {[%emt 0:14:
49]} 22. Bxf8 {[%emt 0:02:21]} Rxf8 {[%emt 0:00:16]} 23. Qg3 {[%emt 0:02:34]}
f5 {[%emt 0:01:55]} 24. Rae1 {[%emt 0:15:51]} f4 {[%emt 0:01:32]} 25. Qd3 {
[%emt 0:01:06]} Bf5 {[%emt 0:00:40]} 26. Qf3 {[%emt 0:00:23]} Rad8 {[%emt 0:02:
12]} 27. Nc3 {[%emt 0:00:43]} 1-0